Statistiken für Berühmte/witzige Fußballerzitate

Klicken Sie hier um das Quiz zu spielen!

Allgemein

  • Dieses Quiz wurde 127 mal gespielt
  • Das Durchschnittsergebnis liegt bei 5 aus 25

Antwortstatistiken

ZitatFußballer% Korrekt
„Was erlauben Strunz?“Giovanni Trappatoni
83%
„Mailand oder Madrid – Hauptsache Italien!“Andreas Möller
62%
„We have a grandiose Saison gespielt.“Roman Weidenfeller
42%
„Wir dürfen jetzt nur nicht den Sand in den Kopf stecken!“Lothar Matthäus
36%
„Nach dem Spiel ist vor dem Spiel“Sepp Herberger
33%
„Ich habe viel von meinem Geld für Alkohol, Weiber und schnelle Autos ausgegeben…den Rest habe ich einfach verpraßt.“George Best
29%
Schiri zeigt gelb und sagt: „Ich verwarne Ihnen!“ Spieler: „Ich danke Sie!“ (Schiri zeigt rot)Willi „Ente“ Lippens
25%
„Gib mich die Kirsche“Lothar Emmerich
19%
„Haste Scheiße am Fuß, haste Scheiße am Fuß!“Andreas Brehme
18%
„Das wird alles von den Medien hochsterilisiert.“Bruno Labbadia
14%
„Der Jürgen Klinsmann und ich, wir sind ein gutes Trio.“Fritz Walter jun.
10%
„Zuerst hatten wir kein Glück, und dann kam auch noch Pech dazu.“Jürgen Wegmann
10%
„Es gibt nur eine Möglichkeit: Sieg, Niederlage oder Unentschieden.“Franz Beckenbauer
9%
„Ich bleibe auf jeden Fall wahrscheinlich beim KSC.“Sean Dundee
8%
„Mal verliert man und mal gewinnen die anderen.“Otto Rehhagel
7%
„Wissen Sie, wer mir am meisten Leid tat? Der Ball.“Franz Beckenbauer
6%
„Man darf jetzt nicht alles so schlecht reden, wie es war.“Fredi Bobic
6%
„Wir müssen gewinnen, alles andere ist primär.“Hans Krankl
6%
„Das ist Schnee von morgen.“Jens Jeremies
6%
„Wie so oft liegt auch hier die Mitte in der Wahrheit.“Rudi Völler
6%
„Das nächste Spiel ist immer das nächste.“Matthias Sammer
5%
„Man muss nicht immer das Salz in der Suppe suchen.“Philipp Lahm
5%
„Ich habe nie an unserer Chancenlosigkeit gezweifelt“Richard Golz
5%
„Die Situation ist aussichtslos, aber nicht kritisch.“Stefan Effenberg
5%
„Man hetzt die Leute auf mit Tatsachen, die nicht der Wahrheit entsprechen.“Olaf Thon
4%

Verteilung der Resultate

Perzentil nach korrekt beantworteten Fragen

Anzahl Personen mit jedem Resultat

Ihre Resultats-Entwicklung

Sie haben dieses Quiz noch nicht gespielt